| 000 | 00417nam a2200181Ia 4500 | ||
|---|---|---|---|
| 008 | 170918s9999 xx 000 0 und d | ||
| 020 | _a595171931 | ||
| 050 | _bD781ma 2001 | ||
| 100 | _aDrinkwater, Joy | ||
| 245 | _aMaisie / | ||
| 245 | _cby Joy Drinkwater. | ||
| 260 | _aUSA : | ||
| 260 | _bWriters club press, | ||
| 260 | _c2001 | ||
| 300 | _a225 pages : | ||
| 300 | _billustrations ; | ||
| 300 | _c23cm. | ||
| 999 |
_c343891 _d343891 |
||